• 首页
  • 本馆介绍
  • 公告通知
  • 最新文献
  • 馆藏检索
  • 电子资源
  • 读者导购
  • 参考咨询
  • 我的图书馆
  • 登录
  • 详细信息显示
  • 放入我的书架
  • 预约/预借图书
  • 作者相关作品
  • 分类相关作品
  • 丛书相关作品
  • 出版社相关作品

书目信息

  • 表格格式
  • 工作单格式
  • 卡片格式
题名:
篇章语用学概论
    
 
作者: 钱敏汝 著
分册:  
出版信息: 北京   外语教学与研究出版社  2001
页数: 350页
开本: 20cm
丛书名: 北京外国语大学语言学研究丛书
单 册:
中图分类: H03
科图分类:
主题词: 语义学 , 词汇学
电子资源:
ISBN: 7-5600-1891-2
000 00849nam0 2200241 450
001 0735235290
005 20070704162819.37
010    @a7-5600-1891-2@dCNY14.90
100    @a20070703d2001 km y0chiy0120 ea
101 0  @achi
102    @aCN@b110000
200 1  @a篇章语用学概论@Apian zhang yu yong xue gai lun@f钱敏汝著@Fqian min ru zhu
210    @a北京@c外语教学与研究出版社@d2001
215    @a350页@d20cm
225 2  @a北京外国语大学语言学研究丛书
330    @a本书讨论了篇章语用学的形成和发展的意义。全书分五章内容:篇章语言学与篇章语用学、篇章语用学与诸相关专业领域、篇章语用学的理论基础、篇章语用学的描写模式和分析方法、总结与展望。
410  0 @12001 @a北京外国语大学语言学研究丛书
606 0  @a语义学
606 0  @a词汇学
690    @aH03@v3
701  0 @a钱敏汝@Aqian min ru@4著
801  0 @aCN@bPFT@c20070704
905    @a10447@dH03@e165
    
    篇章语用学概论/钱敏汝著.-北京:外语教学与研究出版社,2001
    350页;20cm.-(北京外国语大学语言学研究丛书)
    
    
    ISBN 7-5600-1891-2:CNY14.90
    本书讨论了篇章语用学的形成和发展的意义。全书分五章内容:篇章语言学与篇章语用学、篇章语用学与诸相关专业领域、篇章语用学的理论基础、篇章语用学的描写模式和分析方法、总结与展望。
●
相关链接 在E读中查询图书 在五车中查询图书 在当当中查询图书 在豆瓣中查询图书


正题名:篇章语用学概论     索取号:H03/165         预约/预借

序号 登录号 条形码 馆藏地/架位号 状态 备注
1 0762758   207627585   第二样本阅览室/ [索取号:H03/165] 在馆    
2 0762759   207627594   密集书库/ [索取号:H03/165] 在馆    
3 0762760   207627601   密集书库/ [索取号:H03/165] 在馆    
4 0762761   207627610   密集书库/ [索取号:H03/165] 在馆    
唐山师范学院图书馆 欢迎您!
大连网信软件有限公司© 版权所有